| 000 | 00900nam a2200229 a 4500 | ||
|---|---|---|---|
| 001 | 19207 | ||
| 003 | CO-ViMGA | ||
| 008 | 141112s2004 ck r 000 u spa d | ||
| 020 | _a8471124702 | ||
| 040 |
_aCO-ViMGA _bspa _cCO-ViMGA |
||
| 082 | 0 | 4 | _a302.23 B824e |
| 100 | 1 |
_aBuckingham, David _927582 |
|
| 245 | 1 | 0 | _aCrecer en la era de los medios electrónicos |
| 260 |
_aMadrid : _bEdiciones Morata; 2002 |
||
| 300 | _a247 p. | ||
| 490 | _aEducación crítica | ||
| 505 | _aEn busca del niño : construcción de la infancia, representación de la infancia Generación electrónica Infancias medáticas cambiantes los niños contemplan la violencia los niños como consumidores Los niños como ciudadanas | ||
| 590 |
_aForma de adquisición : Proyecto 2005 - - Precio : _117.000 |
||
| 650 | 1 | 4 |
_aINFANCIA - TECNOLOGIA _927583 |
| 650 | 1 | 4 |
_aMEDIOS DE COMUNICACION - NIÑOS _927584 |
| 942 |
_2ddc _cBK |
||
| 999 |
_c28369 _d28369 |
||